15 największych miast w Niemczech - Statystyki

Ogólne statystyki
  • Ten quiz został rozwiązany 69 razy
  • Średni wynik to 9 z 15
Statystyki odpowiedzi
Liczba ludności Miasto % Poprawnych
3 669 491 Berlin
100%
1 484 226 Monachium
93%
1 847 253 Hamburg
91%
588 250 Dortmund
87%
1 087 863 Kolonia
81%
763 380 Frankfurt
78%
556 780 Drezno
57%
567 559 Brema
56%
593 145 Lipsk
56%
635 911 Stuttgart
54%
621 877 Düsseldorf
43%
536 925 Hanower
35%
582 760 Essen
33%
518 370 Norymberga
31%
498 686 Duisburg
13%
Nie znaleziono quizów pasujących do podanych kryteriów
Rozkład punktacji
Procent ludzi z każdym wynikiem
Percentyl według liczby udzielonych odpowiedzi
Twoja historia wyników
Nie rozwiązałeś tego quizu